| 000 | 01411nam a22002897a 4500 | ||
|---|---|---|---|
| 999 |
_c28119 _d28090 |
||
| 003 | EG-ScBUE | ||
| 005 | 20200216123149.0 | ||
| 008 | 200216s2019 ii a f 001 0 eng d | ||
| 020 | _a9789352706693 | ||
| 040 |
_aEG-ScBUE _beng _erda _cEG-ScBUE _dEG-ScBUE |
||
| 082 | 0 | 4 |
_a617.69 _bPRA _222 |
| 100 | 1 |
_aPrajapati, Paranjay, _eauthor. |
|
| 245 | 1 | 0 |
_aEssential manual of preclinical prosthodontics / _cParanjay Prajapati, BDS MDS (prosthodontics and crown & bridge) reader, Department of prosthodontics and Crown & Bridge, KM Shah Dental College and Hospital, Sumandeep Vidyapeeth (an Institution Deemed to be University) Vadodara, Gujarat, India, Sneha Kulkarni, BDS tutor, Department of Prosthodontics and Crown & Bridge, KM Shah Dental College and Hospital, Sumandeep Vidyapeeth (an Institution Deemed to be University) Vadodara, Gujarat, India. |
| 250 | _aFirst edition. | ||
| 264 | 1 |
_aNew Delhi ; _aLondon ; _aPanama : _bJaypee Brothers Medical Publishers : _bThe Health Sciences Publisher, _c2019. |
|
| 300 |
_axvi, 320 pages : _bcolor illustrations ; _c24 cm |
||
| 336 |
_2rdacontent _atext _btxt |
||
| 337 |
_2rdamedia _aunmediated _bn |
||
| 338 |
_2rdacarrier _avolume _bnc |
||
| 500 | _aIncludes index. | ||
| 650 | 7 |
_aProsthodontics. _2BUEsh |
|
| 653 |
_bDDENT _cFebruary2020 |
||
| 655 |
_vReading book _934232 |
||
| 700 | 1 |
_aKulkarni, Sneha, _eauthor. |
|
| 942 |
_2ddc _cBB |
||